[Event "Aeroflot Open B 2017"]
[Site "Moscow RUS"]
[Date "2017.02.28"]
[Round "8.21"]
[White "Belyakov, Bogdan"]
[Black "Korchmar, Vasiliy"]
[Result "1/2-1/2"]
[WhiteTitle "IM"]
[BlackTitle "IM"]
[WhiteElo "2487"]
[BlackElo "2409"]
[WhiteFideId "24104795"]
[BlackFideId "24131750"]
[EventDate "2017.02.21"]

1. e4 e5 2. Nf3 Nc6 3. Nc3 Nf6 4. d4 exd4 5. Nxd4 Bb4 6. Nxc6 bxc6 7. Bd3 d5 8.
exd5 cxd5 9. O-O O-O 10. h3 Rb8 11. Qf3 Rb6 12. Na4 Re6 13. a3 Bd6 14. Nc3 c5
15. Bf4 Bb7 16. Rfe1 Rfe8 17. Rxe6 Rxe6 18. Rd1 Qe7 19. Bxd6 Rxd6 20. Qf4 Nh5
21. Qd2 g6 22. Re1 Re6 23. Rxe6 Qxe6 24. Be2 d4 25. Na4 Bc6 26. Bxh5 Bxa4 27.
Bf3 Bc6 28. Bxc6 Qxc6 29. c3 Qe4 30. cxd4 cxd4 31. f3 Qe5 32. Kf2 d3 33. Qxd3
Qxb2+ 34. Kg3 Qb8+ 35. Kf2 Qb2+ 36. Kg3 Qb8+ 37. Kf2 Qb2+ 1/2-1/2

[Event "Aeroflot Open B 2017"]
[Site "Moscow RUS"]
[Date "2017.02.28"]
[Round "8.22"]
[White "Sargsyan, Shant"]
[Black "Deviatkin, Andrei"]
[Result "1/2-1/2"]
[WhiteTitle "CM"]
[BlackTitle "GM"]
[WhiteElo "2399"]
[BlackElo "2485"]
[WhiteFideId "13306766"]
[BlackFideId "4121260"]
[EventDate "2017.02.21"]

1. d4 d5 2. c4 c6 3. Nc3 Nf6 4. e3 a6 5. Nf3 e6 6. b3 Bb4 7. Bd2 Nbd7 8. Qc2 O-O
9. Bd3 Bd6 10. O-O b5 11. Rad1 Rb8 12. e4 dxc4 13. bxc4 e5 14. c5 Bc7 15. Ne2
Qe7 16. Nxe5 Nxe5 17. dxe5 Nd7 18. f4 Qxc5+ 19. Kh1 Qxc2 20. Bxc2 c5 21. Nc3 Ba5
22. Nd5 Bxd2 23. Rxd2 Nb6 24. Rfd1 Bg4 25. Re1 Rfd8 26. f5 Kf8 27. Rf2 Nxd5 28.
exd5 f6 29. exf6 gxf6 30. Re6 Rxd5 31. Rxf6+ Kg8 32. Rxa6 Bd1 33. g4 c4 34. f6
Bxc2 35. Rxc2 Rc8 36. a3 Kf7 37. Kg2 h5 38. h3 h4 39. Kf3 Rd3+ 40. Kf4 Rxh3 41.
g5 Rc7 42. Kg4 Rh1 43. Kh5 Rg1 44. Kxh4 c3 45. Kh5 Rh1+ 46. Kg4 Kg6 47. Rd6 Rf1
48. Rd3 Rc4+ 49. Kg3 Kxg5 50. Rcxc3 Rxc3 1/2-1/2

[Event "Aeroflot Open B 2017"]
[Site "Moscow RUS"]
[Date "2017.02.28"]
[Round "8.25"]
[White "Odeev, Handszar"]
[Black "Atabayev, Yusup"]
[Result "1/2-1/2"]
[WhiteTitle "GM"]
[BlackTitle "IM"]
[WhiteElo "2397"]
[BlackElo "2475"]
[WhiteFideId "14000091"]
[BlackFideId "14001128"]
[EventDate "2017.02.21"]

1. e4 c6 2. d4 d5 3. exd5 cxd5 4. Bd3 Nc6 5. c3 Nf6 6. Bf4 g6 7. Nf3 Bg7 8. O-O
O-O 9. Nbd2 Bf5 10. Bxf5 gxf5 1/2-1/2

[Event "Aeroflot Open B 2017"]
[Site "Moscow RUS"]
[Date "2017.02.28"]
[Round "8.26"]
[White "Vokhidov, Shamsiddin"]
[Black "Baghdasaryan, Vahe"]
[Result "1/2-1/2"]
[WhiteTitle "IM"]
[BlackTitle "IM"]
[WhiteElo "2355"]
[BlackElo "2462"]
[WhiteFideId "14204223"]
[BlackFideId "13303139"]
[EventDate "2017.02.21"]

1. e4 c5 2. Nf3 d6 3. Bb5+ Nc6 4. O-O Bd7 5. Re1 a6 6. Bf1 Nf6 7. c3 Bg4 8. h3
Bxf3 9. Qxf3 e6 10. d3 Be7 11. Be3 d5 12. Qg3 O-O 13. e5 Nh5 14. Qg4 g6 15. Bh6
Re8 16. Nd2 Ng7 17. Nf3 Nf5 18. Bd2 d4 19. c4 Bf8 20. h4 h5 21. Qe4 Bg7 22. a3
Nh6 23. g3 Qb6 24. Rab1 Qb3 25. Bf4 Rac8 26. Bh3 b5 27. Nd2 Qa4 28. Qe2 Nf5 29.
Ne4 bxc4 30. dxc4 Nxe5 31. b3 Qc6 32. Bg2 Qb6 33. b4 cxb4 34. Rxb4 Qa5 35. c5
Qxa3 36. Rb7 d3 37. Qd1 Nd4 38. Nd6 Ne2+ 39. Rxe2 dxe2 40. Qxe2 Qxc5 41. Bxe5
Bxe5 42. Nxf7 Bg7 43. Qxa6 Ra8 44. Qe2 Ra1+ 45. Kh2 Ra7 46. Rxa7 Qxa7 47. Nd6
Rf8 48. Qxe6+ Kh7 49. Ne4 Kh6 50. Qd6 Qd4 51. Qc6 Be5 52. Qc1+ Kg7 53. Qc6 Rf7
54. f4 Rxf4 55. gxf4 Bxf4+ 56. Ng3 Be5 57. Qe4 Qxe4 58. Bxe4 Kf6 59. Kh3 Bxg3 1/2-1/2

[Event "Aeroflot Open B 2017"]
[Site "Moscow RUS"]
[Date "2017.02.28"]
[Round "8.27"]
[White "Sindarov, Javokhir"]
[Black "Badmatsyrenov, Oleg"]
[Result "1-0"]
[WhiteTitle "CM"]
[BlackTitle "IM"]
[WhiteElo "2374"]
[BlackElo "2456"]
[WhiteFideId "14205483"]
[BlackFideId "24115762"]
[EventDate "2017.02.21"]

1. e4 e5 2. Nf3 Nc6 3. d4 exd4 4. Nxd4 Nf6 5. Nxc6 bxc6 6. Bd3 d6 7. O-O Be7 8.
Nd2 O-O 9. Nb3 Rb8 10. f4 d5 11. e5 Ng4 12. h3 Rxb3 13. axb3 Bc5+ 14. Kh1 Qh4
15. Qf3 Nf2+ 16. Rxf2 Qxf2 17. Qxf2 Bxf2 18. Bd2 f6 19. Bc3 Be3 20. Rf1 fxe5 21.
Bxe5 Rf7 22. b4 c5 23. Rf3 Bd4 24. Bxd4 cxd4 25. f5 c6 26. Rf4 g5 27. Rxd4 Bxf5
28. b5 Bd7 29. Ra4 Be8 30. bxc6 Bxc6 31. Ra6 Rc7 32. b4 Kg7 33. Ra5 Re7 34. Kg1
h6 35. Ba6 Kf6 36. Rc5 Ba4 37. Bd3 Rb7 38. Rxd5 Rxb4 39. Ra5 g4 40. hxg4 Rxg4
41. Rxa7 Be8 42. Kf2 Rd4 43. Ra6+ Kg5 44. Ke3 Rb4 45. c4 h5 46. c5 Rb3 47. Rb6
Rc3 48. Kd4 Rc1 49. Be4 Kf4 50. Rf6+ Kg4 51. Rf8 Bd7 52. Rd8 Be6 53. Ke5 Bb3 54.
c6 Ba4 55. Rd4 Bxc6 56. Bxc6+ Kg5 57. Bf3 Re1+ 58. Kd6 Rh1 59. Rd5+ Kh6 60. Ke6
h4 1-0

[Event "Aeroflot Open B 2017"]
[Site "Moscow RUS"]
[Date "2017.02.28"]
[Round "8.28"]
[White "Mu, Ke"]
[Black "Chen, Qi b"]
[Result "1/2-1/2"]
[WhiteElo "2431"]
[BlackElo "2328"]
[WhiteFideId "8602778"]
[BlackFideId "8614733"]
[EventDate "2017.02.21"]

1. d4 Nf6 2. c4 g6 3. Nc3 Bg7 4. e4 d6 5. Nf3 O-O 6. Be2 e5 7. O-O Nc6 8. d5 Ne7
9. b4 Nh5 10. Re1 f5 11. Ng5 Nf6 12. Bf3 c6 13. b5 cxd5 14. cxd5 h6 15. Ne6 Bxe6
16. dxe6 fxe4 17. Nxe4 Nxe4 18. Bxe4 d5 19. Ba3 dxe4 20. Qxd8 Rfxd8 21. Bxe7 1/2-1/2

[Event "Aeroflot Open B 2017"]
[Site "Moscow RUS"]
[Date "2017.02.28"]
[Round "8.29"]
[White "Fakhrutdinov, Timur"]
[Black "Lan, Zilun"]
[Result "1-0"]
[WhiteTitle "FM"]
[WhiteElo "2430"]
[BlackElo "2350"]
[WhiteFideId "24176702"]
[BlackFideId "8604193"]
[EventDate "2017.02.21"]

1. e4 c6 2. d4 d5 3. Nc3 dxe4 4. Nxe4 Nd7 5. Ng5 Ngf6 6. Bd3 e6 7. N1f3 h6 8.
Nxe6 Qe7 9. O-O fxe6 10. Bg6+ Kd8 11. Bf4 Qb4 12. Qe2 Be7 13. c4 Nf8 14. a3 Qb6
15. Bd3 g5 16. c5 Qb3 17. Bc4 Qxc4 18. Qxc4 gxf4 19. Ne5 Rg8 20. Qd3 Bd7 21.
Rfe1 Be8 22. b4 N8d7 23. Nc4 Bg6 24. Qf3 Bf5 25. Qxf4 Nd5 26. Qf3 Kc7 27. Ne3
Raf8 28. g3 Bg5 29. Nxf5 Rxf5 30. Qb3 Rgf8 31. f4 Bf6 32. Rad1 Rg8 33. Kh1 h5
34. Rxe6 h4 35. Qd3 Rh5 36. Qf3 Rf5 37. Qd3 Rh5 38. Qf3 Rf5 39. Re2 Nf8 40. Qe4
Ne7 41. d5 cxd5 42. Qd3 Nfg6 43. Rde1 Rf8 44. c6 hxg3 45. hxg3 bxc6 46. Rh2 Rh8
47. Rxh8 Bxh8 48. Re6 Bf6 49. b5 Kd7 50. Rxc6 d4 51. Ra6 Ke8 52. Rxa7 Rc5 53. b6
Rc3 54. Qb5+ Kf7 55. b7 d3 56. b8=Q 1-0

[Event "Aeroflot Open B 2017"]
[Site "Moscow RUS"]
[Date "2017.02.28"]
[Round "8.33"]
[White "Mirzoyan, David"]
[Black "Tunik, Gennady"]
[Result "1-0"]
[WhiteTitle "FM"]
[BlackTitle "GM"]
[WhiteElo "2308"]
[BlackElo "2395"]
[WhiteFideId "13308386"]
[BlackFideId "4101219"]
[EventDate "2017.02.21"]

1. Nf3 Nf6 2. c4 e6 3. g3 b6 4. Bg2 Bb7 5. d4 Bb4+ 6. Bd2 a5 7. O-O O-O 8. Bf4
Be7 9. Qc2 c5 10. dxc5 bxc5 11. Nc3 Nc6 12. Rad1 Qb6 13. e3 d6 14. a3 Rfd8 15.
Na4 Qa7 16. h3 Nh5 17. Bg5 Bxg5 18. Nxg5 Nf6 19. Nc3 h6 20. Nge4 Ne8 21. Nb5 Qb8
22. f4 Ne7 23. Nexd6 Nxd6 24. Nxd6 Bxg2 25. Qxg2 Qb3 26. Qe2 Nf5 27. Nxf5 exf5
28. Kf2 Qb7 29. Rc1 Rab8 30. Rc2 Qd7 31. Qf3 Rb3 32. Re1 Qd3 33. Ree2 Re8 34.
Rcd2 Qxc4 35. Qd5 Qxd5 36. Rxd5 Rb5 37. Rxf5 a4 38. Rd5 Reb8 39. Rdd2 h5 40. Rc2
g6 41. Kf3 Kg7 42. g4 hxg4+ 43. hxg4 Kf6 44. g5+ Ke6 45. Red2 Rh8 46. Rc4 Rh3+
47. Ke4 Ra5 48. Rc3 Rb5 49. Rd5 Rxb2 50. Rdxc5 f5+ 51. gxf6 Kxf6 52. Rc7 Rb6 53.
R7c6+ Rxc6 54. Rxc6+ 1-0

[Event "Aeroflot Open B 2017"]
[Site "Moscow RUS"]
[Date "2017.02.28"]
[Round "8.34"]
[White "Peng, Shunkai"]
[Black "Arabidze, Meri"]
[Result "0-1"]
[WhiteTitle "CM"]
[BlackTitle "IM"]
[WhiteElo "2137"]
[BlackElo "2383"]
[WhiteFideId "8614601"]
[BlackFideId "13604040"]
[EventDate "2017.02.21"]

1. e4 e5 2. Nf3 Nc6 3. Bb5 a6 4. Ba4 Nf6 5. d3 d6 6. O-O g6 7. c3 Bg7 8. Re1 O-O
9. h3 Nd7 10. Nbd2 Nc5 11. Bc2 Ne6 12. Nc4 Kh8 13. a4 f5 14. b4 fxe4 15. dxe4
Nf4 16. Ne3 Qd7 17. Bb3 Nd8 18. Ra2 Nde6 19. Bc4 a5 20. Nd5 Nxd5 21. Bxd5 Qe7
22. g3 axb4 23. cxb4 Qf6 24. Kg2 c6 25. Bc4 b5 26. Be2 Nd4 27. Ra3 Rxa4 28. Rxa4
bxa4 29. Be3 Nxe2 30. Qxe2 Qe6 31. Rh1 Qb3 32. Qd2 d5 33. Ne1 dxe4 34. Qc2 Qxc2
35. Nxc2 Be6 36. Bc5 Rd8 37. Re1 Bb3 38. Ne3 Ra8 39. Kf1 Bf8 40. Bxf8 Rxf8 41.
Ng4 e3 42. Nxe3 h5 43. Ke2 Rb8 44. Kd3 Rxb4 45. Kc3 c5 46. h4 Kg7 47. Kb2 Rd4
48. Rc1 Rd2+ 49. Kb1 Rxf2 50. Rxc5 e4 51. g4 Rf3 52. Rc7+ Kf8 53. Rc8+ Ke7 54.
gxh5 Rxe3 55. hxg6 a3 56. Rc1 Kf6 57. h5 Rh3 58. Rg1 Kg7 0-1

[Event "Aeroflot Open B 2017"]
[Site "Moscow RUS"]
[Date "2017.02.28"]
[Round "8.35"]
[White "Yeritsyan, Aram"]
[Black "Gorbatov, Alexej"]
[Result "1-0"]
[BlackTitle "IM"]
[WhiteElo "2182"]
[BlackElo "2374"]
[WhiteFideId "34161047"]
[BlackFideId "4111834"]
[EventDate "2017.02.21"]

1. e4 g6 2. d4 Bg7 3. Nc3 d6 4. f4 Nf6 5. Nf3 O-O 6. Bd3 Nc6 7. O-O Bg4 8. Be3
e5 9. d5 exf4 10. Bxf4 Nd4 11. Qd2 Nxf3+ 12. gxf3 Bh3 13. Rf2 Nh5 14. Bh6 f5 15.
Bxg7 Kxg7 16. Bf1 Bxf1 17. Raxf1 Qe8 18. Qd4+ Qe5 19. Nb5 Qxd4 20. Nxd4 Nf4 21.
exf5 gxf5 22. Re1 Rae8 23. Rxe8 Rxe8 24. Rd2 Kf6 25. Nb5 Re7 26. Nxa7 Re1+ 27.
Kf2 Rh1 28. Ke3 Ke5 29. c4 Re1+ 30. Kf2 Rh1 31. Ke3 Nh3 32. Nb5 f4+ 33. Kd3 Ng5
34. Re2+ Kf6 35. Nxc7 Nxf3 36. Ne8+ Kg5 37. Nxd6 Nxh2 38. Ne4+ Kf5 39. d6 Nf3
40. Nd2 Ng5 41. d7 Rh3+ 42. Kc2 Nf7 43. Re7 Nd8 44. Re8 Nc6 45. d8=Q Nxd8 46.
Rxd8 h5 47. Rb8 h4 48. Rxb7 Re3 49. Rh7 Kg4 50. c5 f3 51. c6 f2 52. c7 Re8 53.
b4 h3 54. b5 Kg3 55. b6 Re2 56. Rxh3+ Kxh3 57. c8=Q+ 1-0

[Event "Aeroflot Open B 2017"]
[Site "Moscow RUS"]
[Date "2017.02.28"]
[Round "8.36"]
[White "Sadovsky, Artem"]
[Black "Lesovoi, Evgenij"]
[Result "1-0"]
[WhiteElo "2416"]
[BlackElo "2323"]
[WhiteFideId "4155840"]
[BlackFideId "24164135"]
[EventDate "2017.02.21"]

1. e4 e5 2. Nf3 Nc6 3. Bb5 a6 4. Ba4 Nf6 5. O-O Be7 6. Bxc6 dxc6 7. Nxe5 Nxe4 8.
d3 Nd6 9. Re1 O-O 10. Nc3 Re8 11. Qh5 Be6 12. Bf4 Bf8 13. Nf3 f6 14. Nd4 Bf7 15.
Qg4 Kh8 16. Kf1 Qc8 17. Rxe8 Qxg4 18. Rxa8 Kg8 19. Nde2 Qd7 20. Re1 c5 21. Ng3
Be6 22. Nge4 Nxe4 23. Nxe4 Kf7 24. Rxf8+ Kxf8 25. Nxc5 Qd5 26. Nxe6+ Kf7 27. b3
Qa5 28. Bxc7 Qc3 29. Bd6 Qxc2 30. Nf4 g5 31. Ne2 Qxd3 32. Bb4 b6 33. Rc1 a5 34.
Bc3 g4 35. Ke1 f5 36. g3 h5 37. Nf4 Qe4+ 38. Kd2 h4 39. Re1 Qf3 40. Bd4 a4 41.
Be3 axb3 42. axb3 h3 43. Rc1 Qe4 44. Rc7+ Ke8 45. Rc3 b5 46. Rc5 Qh1 47. Bd4 Qb1
48. Rxb5 Qa2+ 49. Ke3 Qb1 50. Kd2 Qa2+ 51. Kc3 Qa1+ 52. Kc4 Qc1+ 53. Kd5 Kd7 54.
Rb7+ Kc8 55. Ra7 Qc2 56. Ke6 Qxb3+ 57. Kxf5 Qf3 58. Be3 Qd1 59. Rg7 1-0

[Event "Aeroflot Open B 2017"]
[Site "Moscow RUS"]
[Date "2017.02.28"]
[Round "8.37"]
[White "Ivanov, Oleg V UKR"]
[Black "Yeletsky, Ivan"]
[Result "1/2-1/2"]
[WhiteTitle "IM"]
[BlackTitle "FM"]
[WhiteElo "2482"]
[BlackElo "2369"]
[WhiteFideId "14110709"]
[BlackFideId "24180327"]
[EventDate "2017.02.21"]

1. e4 e5 2. Nf3 Nc6 3. Bb5 a6 4. Ba4 Nf6 5. O-O Be7 6. Re1 b5 7. Bb3 d6 8. c3
O-O 9. h3 Bb7 10. d4 Re8 11. Ng5 Rf8 12. Nf3 Re8 13. Nbd2 exd4 14. cxd4 Nd7 15.
Nf1 Na5 16. Bc2 Bf6 17. Rb1 c5 18. d5 Nc4 19. b3 Nce5 20. N3h2 Nb6 21. Ng3 g6
22. Bb2 b4 23. Qd2 Bg7 24. f4 Nec4 25. bxc4 Nxc4 26. Qc1 Nxb2 27. Rxb2 Bd4+ 28.
Kh1 Qh4 29. Nhf1 Bxd5 30. Ba4 Bxb2 31. Qxb2 Qxf4 32. Bxe8 Rxe8 33. Re2 Bxe4 34.
Qd2 Qxd2 35. Nxd2 Bc6 36. Rxe8+ Bxe8 37. Nge4 Bc6 38. Nxd6 Bd5 39. N6e4 Bxa2 40.
Nxc5 a5 41. Nb7 b3 42. Nc4 a4 43. Nc5 a3 44. Nxa3 b2 45. g4 f6 46. Kg2 Kf7 47.
h4 b1=Q 48. Nxb1 Bxb1 49. Kf3 h6 50. Nb3 Ke6 51. Nd4+ Ke5 52. Ne2 Ba2 53. Nf4
Bd5+ 54. Kg3 Bf7 55. Kf3 g5 56. hxg5 fxg5 57. Nd3+ Kd4 58. Nf2 Bb3 59. Nh3 Bd1+
60. Kg3 Ke3 61. Nf2 Be2 62. Nh3 Bf3 63. Nf2 Ke2 64. Nh3 Bd5 65. Nf2 Bc6 66. Nh3
Be4 67. Nf2 Bg6 68. Nh3 Kf1 69. Nf2 Ke2 70. Nh3 Be4 71. Nf2 Bb1 72. Nh3 Bd3 73.
Nf2 Ke3 74. Nd1+ Kd2 75. Nf2 Ke2 76. Nh3 Ke3 77. Nf2 Bf1 78. Nd1+ Kd2 79. Nf2
Bd3 80. Nh3 Ke1 81. Nf2 Bc2 82. Nh3 Kf1 83. Nf2 Kg1 84. Nh3+ Kh1 85. Nf2+ Kg1 1/2-1/2

[Event "Aeroflot Open B 2017"]
[Site "Moscow RUS"]
[Date "2017.02.28"]
[Round "8.38"]
[White "Papin, Vasily"]
[Black "Savenkov, Konstantin"]
[Result "1/2-1/2"]
[WhiteTitle "GM"]
[BlackTitle "FM"]
[WhiteElo "2456"]
[BlackElo "2365"]
[WhiteFideId "4143183"]
[BlackFideId "4138600"]
[EventDate "2017.02.21"]

1. c4 Nf6 2. Nc3 g6 3. g3 Bg7 4. Bg2 O-O 5. d4 Nc6 6. e3 d6 7. Nge2 e5 8. O-O
exd4 9. exd4 Re8 10. h3 Bf5 11. g4 Bc8 12. Ng3 Nd7 13. Be3 Nb6 14. b3 Qh4 15.
Nge4 h6 16. f3 Qd8 17. d5 Bxc3 18. dxc6 Bg7 19. c5 d5 20. cxb6 axb6 21. Bxh6
Bxh6 22. Qxd5 Bg7 23. Qxd8 Rxd8 24. Rac1 Rxa2 25. Rfd1 Rd4 26. Nc3 Rxd1+ 27.
Rxd1 Bxc3 28. Rd8+ Kg7 29. Rxc8 Bd4+ 30. Kh2 Be5+ 31. Kg1 bxc6 32. f4 Bd4+ 33.
Kh1 g5 34. Bxc6 gxf4 35. Rxc7 Kf6 36. h4 Bf2 37. Be4 Bxh4 38. Rc2 Ra3 39. Bd5
Kg5 40. Kg2 Kxg4 41. Rd2 Bg3 42. Bf3+ Kg5 43. Bd5 Ra7 44. Kf3 Rd7 45. Rd3 f5 46.
Bc4 Rh7 47. Rd2 Rh1 48. Bd3 Re1 49. Be2 Rc1 50. Rd5 Rc2 51. Rxf5+ 1/2-1/2

[Event "Aeroflot Open B 2017"]
[Site "Moscow RUS"]
[Date "2017.02.28"]
[Round "8.40"]
[White "Gurvich, Vitaly"]
[Black "Charochkina, Daria"]
[Result "1/2-1/2"]
[WhiteTitle "FM"]
[BlackTitle "IM"]
[WhiteElo "2342"]
[BlackElo "2383"]
[WhiteFideId "24164852"]
[BlackFideId "4180917"]
[EventDate "2017.02.21"]

1. d4 f5 2. Nf3 Nf6 3. g3 e6 4. Bg2 d5 5. O-O Bd6 6. c4 c6 7. b3 O-O 8. Ne5 Qe7
9. Bb2 a5 10. Nc3 Nbd7 11. Nd3 b6 12. Rc1 Bb7 13. e3 Ne4 14. Ne2 a4 15. Qc2 c5
16. cxd5 exd5 17. dxc5 bxc5 18. Rfd1 Rfc8 19. Ndf4 a3 20. Ba1 Nb6 21. g4 d4 22.
exd4 cxd4 23. Qd3 Ng5 24. Rxc8+ Rxc8 25. h4 Bxg2 26. Kxg2 Qb7+ 27. f3 fxg4 28.
hxg5 Rf8 29. Bxd4 Nd5 30. Be5 gxf3+ 31. Qxf3 Ne3+ 32. Kg3 Nf5+ 33. Kg4 h5+ 34.
gxh6 Nxh6+ 35. Kg3 Qxf3+ 36. Kxf3 Bxe5 37. Ke4 Re8 38. Kd3 Ng4 39. Rg1 Nf2+ 40.
Kc2 Rc8+ 41. Kd2 Rd8+ 42. Ke3 Nd1+ 43. Ke4 Bf6 44. b4 Kf7 45. Rg3 Re8+ 46. Kd5
Ne3+ 47. Kc6 g5 48. Nh3 g4 49. Nhf4 Bh4 50. Rg1 Bf2 51. Rb1 Rc8+ 52. Kb5 Rc2 53.
Ka4 Nc4 54. Kb3 Rb2+ 55. Rxb2 axb2 56. Nc3 Bd4 57. Nb1 Ne3 58. a4 g3 59. a5 g2
60. Nxg2 Nxg2 61. a6 1/2-1/2

[Event "Aeroflot Open B 2017"]
[Site "Moscow RUS"]
[Date "2017.02.28"]
[Round "8.41"]
[White "Ovod, Evgenija"]
[Black "Navalgund, Niranjan"]
[Result "1-0"]
[WhiteTitle "IM"]
[WhiteElo "2380"]
[BlackElo "2327"]
[WhiteFideId "4131827"]
[BlackFideId "5030854"]
[EventDate "2017.02.21"]

1. d4 g6 2. e4 Bg7 3. Nf3 d6 4. c3 Nf6 5. Bd3 O-O 6. O-O Nc6 7. Re1 e5 8. Nbd2
a5 9. Bb5 Nh5 10. Bxc6 bxc6 11. dxe5 dxe5 12. Qa4 Qe8 13. Nb3 Bg4 14. Nfd2 Nf4
15. f3 Bc8 16. Nc5 Ne6 17. Ndb3 f5 18. exf5 gxf5 19. f4 e4 20. Be3 Rf6 21. Rad1
Bf8 22. Nxe6 Bxe6 23. Nxa5 Qh5 24. b4 Rh6 25. h3 Bf7 26. Qc2 Rg6 27. Kh1 Bd6 28.
Qf2 Kg7 29. Rd2 Bd5 30. a3 Rg8 31. c4 Be6 32. c5 Be7 33. Nxc6 Bh4 34. Qe2 Kh6
35. Qxh5+ Kxh5 36. Rc1 Rg3 37. Re2 Ra8 38. Nd4 Bc8 39. Rc3 Bf6 40. Rd2 Rg8 41.
Rb3 Ra4 42. Kg1 Bxd4 43. Rxd4 Be6 44. Rc3 Rga8 45. Bc1 Rg8 46. Kf2 c6 47. Rd6
Bd5 48. Re3 Rg6 49. Rd8 h6 50. Bb2 Bc4 51. Rf8 Be6 52. g4+ fxg4 53. f5 g3+ 54.
Rxg3 Rxg3 55. Kxg3 Bd5 56. Kf4 Ra7 57. f6 Kh4 58. Re8 Kxh3 59. Re7 Ra8 60. f7
Rf8 61. Kf5 Rxf7+ 62. Rxf7 Bxf7 63. a4 e3 64. Ke4 Kg4 65. Kxe3 h5 66. b5 Bc4 67.
bxc6 Ba6 68. Ke4 h4 69. Kd5 h3 70. Be5 Kf3 71. c7 Kg2 72. Kc6 h2 73. Bxh2 Kxh2
74. Kd7 Kg3 75. c8=Q Bxc8+ 76. Kxc8 Kf4 77. a5 1-0

[Event "Aeroflot Open B 2017"]
[Site "Moscow RUS"]
[Date "2017.02.28"]
[Round "8.42"]
[White "Kakageldyev, Amanmurad"]
[Black "Demianjuk, Alexander"]
[Result "0-1"]
[WhiteTitle "IM"]
[WhiteElo "2374"]
[BlackElo "2297"]
[WhiteFideId "14000024"]
[BlackFideId "4134249"]
[EventDate "2017.02.21"]

1. d4 Nf6 2. c4 e6 3. Nc3 Bb4 4. Qc2 O-O 5. a3 Bxc3+ 6. Qxc3 d6 7. Bg5 Nbd7 8.
Nf3 b6 9. e3 Bb7 10. Be2 Rc8 11. Bh4 Ne4 12. Qc2 g5 13. Bg3 f5 14. d5 exd5 15.
cxd5 Bxd5 16. O-O Bb7 17. Rad1 Qf6 18. Bc4+ Kh8 19. h4 g4 20. Nd4 d5 21. Bd3 Ne5
22. Ne2 c5 23. Bxe4 fxe4 24. Qc3 Rce8 25. Nf4 Nd3 26. Rxd3 exd3 27. Qxd3 d4 28.
Re1 Qc6 29. Qf1 dxe3 30. fxe3 Qe4 31. Qe2 Rd8 32. Kh2 Rd7 33. Rg1 Re8 34. Re1
Bc6 35. b4 c4 36. b5 Bb7 37. Qb2+ Kg8 38. Re2 Rf8 39. Qc3 Rd1 40. Rc2 Rxf4 41.
Bxf4 Rc1 42. Qf6 Rxc2 43. Qd8+ Kf7 44. Qd7+ Qe7 45. Qf5+ Ke8 46. Qxc2 Qxh4+ 47.
Kg1 g3 48. Qxc4 Qh2+ 49. Kf1 Qxg2+ 50. Ke1 Qf2+ 51. Kd1 Bf3+ 52. Kc1 Qe1+ 53.
Kb2 Qd2+ 54. Ka1 Qd1+ 55. Kb2 Qe2+ 56. Qxe2 Bxe2 57. Bxg3 Bxb5 58. Kc3 Kd7 59.
Kd4 Kc6 60. e4 Be2 61. Bh4 Kb5 62. Be7 Bh5 63. Kc3 Bf7 64. e5 Ka4 65. Kb2 h5 66.
Kc2 a5 67. Bd8 b5 68. Be7 Bg8 69. Bd8 h4 70. Bxh4 Kxa3 71. Be7+ b4 72. Kd2 Ka2 0-1

[Event "Aeroflot Open B 2017"]
[Site "Moscow RUS"]
[Date "2017.02.28"]
[Round "8.43"]
[White "Alikulov, Elbek"]
[Black "Pujari, Rucha"]
[Result "1-0"]
[WhiteTitle "IM"]
[BlackTitle "WFM"]
[WhiteElo "2371"]
[BlackElo "2127"]
[WhiteFideId "14203308"]
[BlackFideId "5024528"]
[EventDate "2017.02.21"]

1. e4 e5 2. Nf3 Nc6 3. Bb5 a6 4. Ba4 Nf6 5. O-O Be7 6. Re1 b5 7. Bb3 d6 8. c3
O-O 9. h3 Nb8 10. d4 Nbd7 11. Nbd2 Bb7 12. Bc2 Re8 13. Nf1 Bf8 14. Ng3 g6 15.
Bg5 h6 16. Bd2 Bg7 17. Re2 c6 18. Qe1 Qc7 19. Rd1 Nf8 20. Be3 c5 21. d5 c4 22.
Qd2 Kh7 23. Nh2 Bc8 24. Rf1 g5 25. h4 gxh4 26. Nf5 Bxf5 27. exf5 e4 28. f3 N8d7
29. fxe4 Nxe4 30. f6 Nxf6 31. Rxf6 Bxf6 32. Bxh6 Bxc3 33. bxc3 f5 34. Bxe4 Rxe4
35. Rxe4 fxe4 36. Be3 Qf7 37. Bd4 Rg8 38. Qe1 Qf4 39. Be3 Qf6 40. Bd2 h3 41.
Qxe4+ Rg6 42. g4 Qh4 43. Bf4 Kg7 44. Qe3 Qf6 45. Bg3 b4 46. cxb4 c3 47. Be1 Qf7
48. Bxc3+ Kg8 49. Qxh3 Qh7 50. Qe3 Qf7 51. a4 Qd7 52. Qe4 Rg5 53. Bf6 Qa7+ 54.
Kg2 1-0

[Event "Aeroflot Open B 2017"]
[Site "Moscow RUS"]
[Date "2017.02.28"]
[Round "8.44"]
[White "Yandarbiev, Ruslan"]
[Black "Faizrakhmanov, Ramil"]
[Result "0-1"]
[WhiteTitle "IM"]
[BlackTitle "FM"]
[WhiteElo "2311"]
[BlackElo "2432"]
[WhiteFideId "4115023"]
[BlackFideId "24103209"]
[EventDate "2017.02.21"]

1. e4 e5 2. Nf3 Nc6 3. Bb5 Nf6 4. d3 Bc5 5. c3 d6 6. d4 exd4 7. cxd4 Bb4+ 8. Bd2
Bxd2+ 9. Nbxd2 O-O 10. Bxc6 bxc6 11. O-O a5 12. Qc2 Ra6 13. Rfe1 Bg4 14. Re3 h6
15. h3 Bd7 16. a4 Qa8 17. Nf1 Rb6 18. N3d2 Rb4 19. Nf3 Rfb8 20. b3 c5 21. dxc5
Nxe4 22. cxd6 cxd6 23. N1d2 Nc5 24. Qc3 Qd5 25. Ra3 Be6 26. Ne1 Nxb3 27. Rg3 Nd4
28. Kh2 Rc8 29. Qd3 Bf5 30. Qe3 Qe5 31. Qxe5 dxe5 32. Nd3 Bxd3 33. Rgxd3 f6 34.
Ne4 Rc2 35. Rdc3 Rxc3 36. Nxc3 Kf7 37. h4 h5 38. g3 Ke6 39. Kg2 f5 40. Ra2 e4
41. Nd1 Nf3 42. Kf1 Rb1 43. Ke2 Ke5 44. Rb2 Rxb2+ 45. Nxb2 Kd4 46. Nd1 g6 47.
Ne3 Ne5 48. Ng2 Kc3 49. Nf4 Kb4 50. Ke3 Kxa4 51. Kd4 Ng4 52. Nxg6 Kb3 53. Ne7 a4
54. Nxf5 a3 0-1

[Event "Aeroflot Open B 2017"]
[Site "Moscow RUS"]
[Date "2017.02.28"]
[Round "8.46"]
[White "Spichkin, Alexander"]
[Black "Stathopoulos, Ioannis"]
[Result "0-1"]
[BlackTitle "FM"]
[WhiteElo "2143"]
[BlackElo "2387"]
[WhiteFideId "4144074"]
[BlackFideId "4223098"]
[EventDate "2017.02.21"]

1. b4 e5 2. Bb2 Bxb4 3. Bxe5 Nf6 4. Nf3 O-O 5. c4 Nc6 6. Bb2 d5 7. cxd5 Qxd5 8.
Bxf6 gxf6 9. Nc3 Bxc3 10. dxc3 Qa5 11. Qc1 Bg4 12. Nd2 Rad8 13. f3 Be6 14. Ne4
Bf5 15. Nxf6+ Kh8 16. g4 Qe5 17. g5 Rd3 18. f4 Qxc3+ 19. Qxc3 Rxc3 20. e4 Bxe4
21. Rg1 Rd8 22. Rg3 Rxg3 23. hxg3 Nb4 24. Rc1 Bc6 25. Rc3 Kg7 26. a3 Nd5 27. Rd3
Rd6 28. Nh5+ Kf8 29. Rb3 h6 30. gxh6 Rxh6 31. Be2 f5 32. Kf2 Be8 33. g4 fxg4 34.
Ng3 Nxf4 35. Bxg4 Bc6 36. Nf5 Rf6 37. Kg3 Ne2+ 38. Kh4 Rxf5 39. Bxf5 Nd4 40. Rb2
Nxf5+ 41. Kg5 Nd6 42. Kf6 Ke8 43. Rh2 Kd8 44. Ke6 Bd7+ 45. Kd5 Ne8 46. Rh6 c6+
47. Ke5 Kc7 48. Rg6 b5 49. a4 bxa4 50. Rh6 a3 51. Rh4 Nd6 52. Rh6 c5 53. Rh2 Nb5
54. Kd5 a2 0-1